MARC details
| 000 -LEADER |
| fixed length control field |
01784cam a2200505 4500 |
| 001 - CONTROL NUMBER |
| control field |
J126251 |
| 008 - FIXED-LENGTH DATA ELEMENTS--GENERAL INFORMATION |
| fixed length control field |
000000n2003 000 0 eng u |
| 035 ## - SYSTEM CONTROL NUMBER |
| System control number |
(Sirsi) u126251 |
| 050 ## - LIBRARY OF CONGRESS CALL NUMBER |
| Classification number |
338.4369094 |
| -- |
18 |
| 110 ## - MAIN ENTRY--CORPORATE NAME |
| Corporate name or jurisdiction name as entry element |
Euroconstruct |
| Subordinate unit |
Conference |
| Number of part/section/meeting |
(55th : |
| Date of meeting or treaty signing |
2003 |
| Location of meeting |
Budapest) |
| 9 (RLIN) |
4636 |
| 245 ## - TITLE STATEMENT |
| Title |
55th Euroconstruct Conference, Budapest, Hungary |
| Remainder of title |
the outlook for the European construction sector 2003-2005 |
| 260 ## - PUBLICATION, DISTRIBUTION, ETC. |
| Place of publication, distribution, etc. |
Budapest |
| Name of publisher, distributor, etc. |
Build and Econ |
| Place of publication, distribution, etc. |
Vienne |
| Name of publisher, distributor, etc. |
WIFO |
| Date of publication, distribution, etc. |
2003 |
| 300 ## - PHYSICAL DESCRIPTION |
| Extent |
2 |
| Type of unit |
v. |
| Dimensions |
30cm. |
| 350 ## - PRICE (NR) (BK AM CF MU VM SE) [OBSOLETE] |
| Price |
775 |
| 505 ## - FORMATTED CONTENTS NOTE |
| Formatted contents note |
Country reports: western European Countries; eastern European; Baltic countries |
| 505 ## - FORMATTED CONTENTS NOTE |
| Formatted contents note |
Summary report: global economic outlook and challenges for Europe; the European housing market; non-residential construction; civil engineering; construction markets to 2005; financing projects; national development plans; EU-action plan for competitiveness in the construction industry; eastern experience and outlook before accession; western experiences after accession; international experiences - competitiveness and co-operation |
| 650 ## - SUBJECT ADDED ENTRY--TOPICAL TERM |
| Topical term or geographic name entry element |
AUSTRIA |
| 650 ## - SUBJECT ADDED ENTRY--TOPICAL TERM |
| Topical term or geographic name entry element |
BELGIUM |
| 650 ## - SUBJECT ADDED ENTRY--TOPICAL TERM |
| Topical term or geographic name entry element |
CZECH REPUBLIC |
| 650 ## - SUBJECT ADDED ENTRY--TOPICAL TERM |
| Topical term or geographic name entry element |
DENMARK |
| 650 ## - SUBJECT ADDED ENTRY--TOPICAL TERM |
| Topical term or geographic name entry element |
EIRE |
| 650 ## - SUBJECT ADDED ENTRY--TOPICAL TERM |
| Topical term or geographic name entry element |
ESTONIA |
| 650 ## - SUBJECT ADDED ENTRY--TOPICAL TERM |
| Topical term or geographic name entry element |
EUROPE |
| 650 ## - SUBJECT ADDED ENTRY--TOPICAL TERM |
| Topical term or geographic name entry element |
FINLAND |
| 650 ## - SUBJECT ADDED ENTRY--TOPICAL TERM |
| Topical term or geographic name entry element |
FRANCE |
| 650 ## - SUBJECT ADDED ENTRY--TOPICAL TERM |
| Topical term or geographic name entry element |
GERMANY |
| 650 ## - SUBJECT ADDED ENTRY--TOPICAL TERM |
| Topical term or geographic name entry element |
HUNGARY |
| 650 ## - SUBJECT ADDED ENTRY--TOPICAL TERM |
| Topical term or geographic name entry element |
ITALY |
| 650 ## - SUBJECT ADDED ENTRY--TOPICAL TERM |
| Topical term or geographic name entry element |
LATVIA |
| 650 ## - SUBJECT ADDED ENTRY--TOPICAL TERM |
| Topical term or geographic name entry element |
LITHUANIA |
| 650 ## - SUBJECT ADDED ENTRY--TOPICAL TERM |
| Topical term or geographic name entry element |
NETHERLANDS |
| 650 ## - SUBJECT ADDED ENTRY--TOPICAL TERM |
| Topical term or geographic name entry element |
NORWAY |
| 650 ## - SUBJECT ADDED ENTRY--TOPICAL TERM |
| Topical term or geographic name entry element |
POLAND |
| 650 ## - SUBJECT ADDED ENTRY--TOPICAL TERM |
| Topical term or geographic name entry element |
PORTUGAL |
| 650 ## - SUBJECT ADDED ENTRY--TOPICAL TERM |
| Topical term or geographic name entry element |
SLOVAK REPUBLIC |
| 650 ## - SUBJECT ADDED ENTRY--TOPICAL TERM |
| Topical term or geographic name entry element |
SPAIN |
| 650 ## - SUBJECT ADDED ENTRY--TOPICAL TERM |
| Topical term or geographic name entry element |
SWITZERLAND |
| 650 ## - SUBJECT ADDED ENTRY--TOPICAL TERM |
| Topical term or geographic name entry element |
UNITED KINGDOM |
| 650 ## - SUBJECT ADDED ENTRY--TOPICAL TERM |
| Topical term or geographic name entry element |
STATISTICS |
| 650 ## - SUBJECT ADDED ENTRY--TOPICAL TERM |
| Topical term or geographic name entry element |
ECONOMIC ISSUES |
| 650 ## - SUBJECT ADDED ENTRY--TOPICAL TERM |
| Topical term or geographic name entry element |
HOUSING |
| 650 ## - SUBJECT ADDED ENTRY--TOPICAL TERM |
| Topical term or geographic name entry element |
EUROCONSTRUCT |
| 690 ## - LOCAL SUBJECT ADDED ENTRY--TOPICAL TERM (OCLC, RLIN) |
| Topical term or geographic name as entry element |
BUILT ENVIRONMENT-CONSTRUCTION MARKET |
| 942 ## - ADDED ENTRY ELEMENTS (KOHA) |
| Suppress in OPAC |
0 |